Ελληνικοί υγρότοποι

Αποθηκεύτηκε σε:
Λεπτομέρειες βιβλιογραφικής εγγραφής
Συλλογικό Έργο: Μουσείο Γουλανδρή Φυσικής Ιστορίας, Ελληνικό Κέντρο Βιοτόπων-Υγροτόπων
Άλλοι συγγραφείς: Γεράκης, Π. Α. (Επιμελητής έκδοσης), Κουτράκης, Εμμανουήλ Θ. (Επιμελητής έκδοσης)
Μορφή: Βιβλίο
Γλώσσα:Greek
Δημοσίευση: Αθήνα : Εμπορική Τράπεζα της Ελλάδος, 1996.
Σειρά:Ελληνικοί τόποι (Εμπορική Τράπεζα της Ελλάδος) ;
Θέματα:
Ετικέτες: Προσθήκη ετικέτας
Δεν υπάρχουν, Καταχωρήστε ετικέτα πρώτοι!

MARC

LEADER 00000cam a2200000 i 4500
001 1/28120
008 021021s1996 gr | ||| |||| ||gre||
020 |a 9607059050 (hbk) 
035 |l 10068560 
040 |a GR-MyUA  |b gre  |e AACR2 
041 0 |a gre 
082 0 |a 577.6809495 
110 2 |a Μουσείο Γουλανδρή Φυσικής Ιστορίας. 
245 1 0 |a Ελληνικοί υγρότοποι /   |c Μουσείο Γουλανδρή Φυσικής Ιστορίας ; Ελληνικό Κέντρο Βιοτόπων-Υγροτόπων ; συντονιστές έκδοσης Π. Α. Γεράκης, Ε. Θ. Κουτράκης.  
260 |a Αθήνα :   |b Εμπορική Τράπεζα της Ελλάδος,   |c 1996.  
300 |a 381 σ. :   |b έγχρ. εικ., φωτ., χάρτ. ;   |c 30 εκ.  
490 1 |a (Ελληνικοί τόποι)  
504 |a Περιέχει βιβλιογραφία και ευρετήριο.  
650 0 0 |a Wetland ecology. 
650 0 0 |a Wetlands  |z Greece. 
700 1 |a Γεράκης, Π. Α.  |e edt 
700 1 |a Κουτράκης, Εμμανουήλ Θ.  |e edt 
710 2 |a Ελληνικό Κέντρο Βιοτόπων-Υγροτόπων. 
767 0 8 |i Μεταφρασμένο ως:   |t Greek wetlands /  
830 0 |a Ελληνικοί τόποι (Εμπορική Τράπεζα της Ελλάδος) ;  
852 |a INST  |b LEMNOS  |e 20110328  |h 577.6809495 ΜΟΥ  |p 005600000585  |q 005600000585  |t BK  |y 0 
852 |a INST  |b LESVOS  |e 20021021  |h 577.6809495 ΜΟΥ  |p 005100024972  |q 005100024972  |t BK  |y 0 
901 |a BIBL1-2002-3 
901 |a BIBL6-2011-1 
909 |a Λ  |b 102504 
909 |a Μ  |b 160936 
970 |a ΚΑΜΑΤΣΟΥ  |b ΔΕΣΠΟΙΝΑ  |z 2002/10/21